000 00693cam a2200157 4500500
005 20260405002547.0
041 _afre
042 _adc
100 1 0 _aPlusquellec, Florent
_eauthor
245 0 0 _aBenjamin Brillaud (dir.) Les samouraïs Tallandier, « Texto », 2025, 368 pages, 11 €.
260 _c2026.
500 _a78
520 _aLouise Nevelson transforme rebuts et fragments en visions monumentales. À Metz, une exposition révèle l’univers onirique et dansant de cette artiste majeure du XXe siècle.
786 0 _nÉtudes | - | 4 | 2026-03-31 | p. 127-127 | 0014-1941
856 4 1 _uhttps://shs.cairn.info/revue-etudes-2026-4-page-127?lang=fr&redirect-ssocas=7080
999 _c2058856
_d2058856